| 000 | 01021nac a22003251u 4500 | ||
|---|---|---|---|
| 003 | EG-ScBUE | ||
| 005 | 20220707100058.0 | ||
| 008 | 130108r20022001enkac f 000 0 eng d | ||
| 020 | _a019423357X | ||
| 020 | _a9780194233576 | ||
| 040 |
_aEG-ScBUE _beng _erda _cEG-ScBUE _dEG-ScBUE |
||
| 082 | 0 | 4 |
_a428.6 _bFLI _222 |
| 100 | 1 |
_aFlinders, Steve, _eauthor. _931774 |
|
| 245 | 1 | 0 |
_aSoccer / _cSteve Flinders. |
| 250 | _aSecond impression. | ||
| 264 | 1 |
_aOxford : _bOxford University Press, _c2002. |
|
| 300 |
_a22 pages : _billustrations (some color), portraits (some color) ; _c21 cm. |
||
| 336 |
_2rdacontent _atext _btxt |
||
| 337 |
_2rdamedia _aunmediated _bn |
||
| 338 |
_2rdacarrier _avolume _bnc |
||
| 490 | 0 | _aFact files | |
| 490 | 0 |
_aOxford book worms ; _v2 |
|
| 650 | 7 |
_aEnglish language _xReading books. _931800 _2BUEsh |
|
| 650 | 7 |
_aReaders _xSoccer. _2BUEsh |
|
| 650 | 7 |
_aReaders (Elementary) _2BUEsh |
|
| 651 | _2BUEsh | ||
| 653 | _bHHUUEENN | ||
| 655 |
_vReading book _934232 |
||
| 942 |
_cBB _2ddc |
||
| 999 |
_c2299 _d2299 |
||